| 000 | 00481nam a22001817a 4500 | ||
|---|---|---|---|
| 999 |
_c262823 _d262822 |
||
| 003 | OSt | ||
| 005 | 20240209095238.0 | ||
| 008 | 240209b xxu||||| |||| 00| 0 eng d | ||
| 010 | _a 89001880 | ||
| 040 | _cDLC | ||
| 050 |
_a QL561.D3 _bG53 1989 |
||
| 100 | _a Gibbons, Gail. | ||
| 245 |
_a Monarch butterfly / _c by Gail Gibbons. |
||
| 250 | _a1st Edn. | ||
| 260 |
_aNew York : _bHoliday House, _cc1989. |
||
| 300 |
_a[32] p. : _bcol. ill. ; _c21 x 26 cm. |
||
| 942 |
_2lcc _cBK |
||